zpět

Detail výsledku týmu

KARLOS bar - Běchovice, Praha

Datum a čas kvízu

27 Celkem bodů Celkový počet nahraných bodů na tomto kvízu bez doplňovacích otázek.
3. Pořadí na kvízu Konečné umístění týmu na tomto kvízu.

Zaznamenané odpovědi

# Otázka Odpověď Body Výsledky
1. Ozbrojená policejní eskorta do... 0
2. Minulé pondělí kolem desáté ho... 1
3. Britský režisér Dexter Fletche... 1
4. Škoda Auto představila nový ko... 1
5. Bývalá světová jednička a drži... 1
6. Nyní se podíváme na komunální... 1
7. Výsledky voleb na pražský magi... 0
8. Dva z kandidátů posledních pre... 0
9. Kolik procent voličů navštívil... 0
10. Napište jméno volebního lídra... 1